Erkenne Länder anhand von Dreiländerecken auf einer Karte #1 - Statistiken

Allgemein
  • Dieses Quiz wurde 73 mal gespielt
  • Das Durchschnittsergebnis liegt bei 18 aus 27
Antwortstatistiken
Bildquiz Antwort % Korrekt
China
98%
Mongolei
98%
Russland
97%
Oman
89%
Saudi-Arabien
89%
Vereinigte Arabische Emirate
87%
Deutschland
83%
Polen
83%
Tschechien
83%
Indien
71%
Bangladesch
70%
Mexiko
68%
Myanmar
68%
Belize
67%
Guatemala
67%
Tansania
63%
Demokratische Republik Kongo
62%
Kenia
59%
Uganda
59%
Brasilien
57%
Kolumbien
56%
Angola
54%
Peru
54%
Sambia
51%
Bulgarien
30%
Rumänien
30%
Serbien
29%
Keine übereinstimmenden Quizze gefunden
Verteilung der Resultate
Anzahl Personen mit jedem Resultat
Perzentil nach korrekt beantworteten Fragen
Ihre Resultats-Entwicklung
Sie haben dieses Quiz noch nicht gespielt